000 00665nam a22002177a 4500
003 OSt
005 20260408115700.0
008 260408b |||||||| |||| 00| 0 eng d
020 _a9789333223614
040 _cDLC
050 _aTK7878.4
_b.B35 2020
100 _aBakshi, U. A.
245 _aElectronic measurements & instrumentation /
_cU. A. Bakshi, A. V. Bakshi
246 _aElectronic measurements and instrumentation
260 _aPune :
_bTechnical Publications,
_c2020.
504 _aIncludes bibliographical references and index.
650 _aElectronic measurements
650 _aInstrumentation
700 _aBakshi, A. V.
942 _2lcc
_cBOOKS
_n0
999 _c2737
_d2737